Aureomycin: chlortetracycline

Shranjeno v:
Bibliografske podrobnosti
Glavni avtor: Lepper, Mark H (Author)
Format: Knjiga
Jezik:angleščina
Izdano: Nueva York Medical Encyclopedia 1956
Serija:Antibiotics Monographs, 7
Teme:
Oznake: Označite
Brez oznak, prvi označite!

MARC

LEADER 00000nam a2200000 a 4500
001 UCU4007
003 CL-VaPUC
008 960517e19560000US |||||||||||||||||eng|d
082 0 4 |a 615.329  |b LEP  |2 21 
100 0 |a Lepper, Mark H  |e author  |9 361315 
245 1 0 |a Aureomycin: chlortetracycline 
300 |a 156 p 
942 |c BK 
945 |d 19960517 00:00:00  |a cmena 
260 |a Nueva York  |b Medical Encyclopedia  |c 1956 
650 0 |a Antibióticos  |9 263034 
650 7 |a PRODUCTOS FARMACEUTICOS  |2 CL-VaPUC  |9 334377 
650 7 |a PENICILINAS  |2 CL-VaPUC  |9 361316 
650 0 |a Microbiología   |9 259706 
650 0 |a Farmacología   |9 269634 
650 0 |a Enfermedades bacterianas  |9 361317 
583 |a last modification  |c 19960517 00:00:00  |k Rodrigo Vera 
490 0 |a Antibiotics Monographs, 7 
999 |c 247838  |d 247836 
952 |0 0  |1 0  |4 0  |6 615_329000000000000_LEP_1956  |7 0  |8 A  |9 264029  |a BIBING  |b BIBING  |d 2019-11-19  |i 1660934  |o 615.329 LEP 1956  |p 1660934  |r 2025-01-20  |w 2019-11-19  |y BK  |k ING